[Event "GER-ch Net qual4 U18"]
[Site "Playchess.com INT"]
[Date "2011.05.11"]
[Round "2"]
[White "Oehne, Timo"]
[Black "Van der Vegt, Edwin"]
[Result "1-0"]
[WhiteElo "1703"]
[BlackElo "1416"]
[PlyCount "49"]
[EventDate "2011.05.11"]
[EventType "swiss (blitz)"]
[EventRounds "7"]
[EventCountry "GER"]
[SourceTitle "CBM 142 Extra"]
[Source "ChessBase"]
[SourceDate "2011.06.27"]
[SourceVersion "1"]
[SourceVersionDate "2011.06.27"]
[SourceQuality "1"]

1. e4 Nf6 2. Nc3 d5 3. exd5 Nxd5 4. Nxd5 Qxd5 5. Nf3 Bg4 6. Be2 Nc6 7. h3 Bf5 8. d3 0-0-0 9. 0-0 e5 10. Be3 Bc5 11. Bxc5 Qxc5 12. a3 Rhe8 13. b4 Qb6 14. Qb1 Nd4 15. Nxd4 Qxd4 16. Qb3 Rd7 17. Rfd1 e4 18. dxe4 Qxe4 19. Rxd7 Bxd7 20. Bf3 Qf5 21. Rd1 Qe6 22. Bg4 Qxb3 23. Bxd7+ Kb8 24. Bxe8 Qe6 25. Rd8+ 1-0

[Event "GER-ch Net qual4 U18"]
[Site "Playchess.com INT"]
[Date "2011.05.11"]
[Round "3"]
[White "Perestjuk, Marko"]
[Black "Van der Vegt, Edwin"]
[Result "1-0"]
[WhiteElo "1809"]
[BlackElo "1416"]
[PlyCount "87"]
[EventDate "2011.05.11"]
[EventType "swiss (blitz)"]
[EventRounds "7"]
[EventCountry "GER"]
[SourceTitle "CBM 142 Extra"]
[Source "ChessBase"]
[SourceDate "2011.06.27"]
[SourceVersion "1"]
[SourceVersionDate "2011.06.27"]
[SourceQuality "1"]

1. e4 Nf6 2. e5 Nd5 3. d4 d6 4. c4 Nb6 5. f4 dxe5 6. fxe5 Nc6 7. Be3 Bf5 8. Nc3 e6 9. Be2 Qd7 10. Nf3 0-0-0 11. a3 Bg4 12. c5 Nd5 13. Bf2 Nf4 14. 0-0 Bxf3 15. Bxf3 Nxd4 16. Be4 Nde2+ 17. Nxe2 Qxd1 18. Rfxd1 Rxd1+ 19. Rxd1 Nxe2+ 20. Kf1 Nf4 21. c6 b6 22. Rd7 f6 23. exf6 gxf6 24. Rxh7 Rxh7 25. Bxh7 f5 26. Bd4 Bd6 27. g3 Nd5 28. Bg8 e5 29. Bf2 Ne7 30. Be6+ Kd8 31. Bd7 f4 32. gxf4 exf4 33. Bh4 Be5 34. b3 Bd6 35. a4 Be5 36. Kf2 Bd6 37. Kf3 Be5 38. Bg5 Bd6 39. Bf6 a6 40. h4 b5 41. h5 bxa4 42. bxa4 a5 43. h6 Bb4 44. h7 1-0

[Event "GER-ch Net qual2 U18"]
[Site "Playchess.com INT"]
[Date "2011.05.04"]
[Round "5"]
[White "Van der Vegt, Edwin"]
[Black "Bechler, Lukas"]
[Result "0-1"]
[WhiteElo "1391"]
[BlackElo "1491"]
[PlyCount "36"]
[EventDate "2011.05.04"]
[EventType "swiss (blitz)"]
[EventRounds "7"]
[EventCountry "GER"]
[SourceTitle "CBM 142 Extra"]
[Source "ChessBase"]
[SourceDate "2011.06.27"]
[SourceVersion "1"]
[SourceVersionDate "2011.06.27"]
[SourceQuality "1"]

1. e4 e6 2. d4 d5 3. exd5 exd5 4. Nc3 c6 5. Bf4 Bf5 6. Nf3 Be7 7. Bd3 Bxd3 8. Qxd3 Nf6 9. 0-0 0-0 10. Rfe1 Nbd7 11. Ne5 Nxe5 12. Bxe5 Re8 13. Ne2 Bd6 14. Nf4 Bxe5 15. Rxe5 Rxe5 16. dxe5 Ne4 17. f3 Qb6+ 18. Kf1 Qf2# 0-1

[Event "GER-ch Net qual2 U18"]
[Site "Playchess.com INT"]
[Date "2011.05.04"]
[Round "4"]
[White "Van der Vegt, Edwin"]
[Black "Hahn, Markus"]
[Result "0-1"]
[WhiteElo "1391"]
[BlackElo "1839"]
[PlyCount "48"]
[EventDate "2011.05.04"]
[EventType "swiss (blitz)"]
[EventRounds "7"]
[EventCountry "GER"]
[SourceTitle "CBM 142 Extra"]
[Source "ChessBase"]
[SourceDate "2011.06.27"]
[SourceVersion "1"]
[SourceVersionDate "2011.06.27"]
[SourceQuality "1"]

1. e4 c5 2. Nf3 e6 3. d4 cxd4 4. Nxd4 a6 5. Nc3 Qc7 6. Be3 Nf6 7. Be2 Bb4 8. Bd2 Bxc3 9. Bxc3 Nxe4 10. Bb4 Nc6 11. Nxc6 bxc6 12. 0-0 c5 13. Bf3 Bb7 14. Bxe4 Bxe4 15. Re1 Bb7 16. Bc3 0-0 17. Qg4 f6 18. Re3 e5 19. Rg3 d5 20. Bd2 Rad8 21. Bh6 Rf7 22. Qe6 g6 23. h4 Bc8 24. Qxf7+ Qxf7 0-1